Dictionnaire de théologie catholique :contenant l'exposé des doctrines de la théologie catholique leurs preuves et leur histoire : tome quinzième : deuxième partie : Trinité - Zwinglianisme /

সংরক্ষণ করুন:
গ্রন্থ-পঞ্জীর বিবরন
প্রধান লেখক: Vacant, Alfred (dirección)
অন্যান্য লেখক: Mangenot, Eugene (dirección) (dirección), Amann, Emile (dirección) (dirección)
বিন্যাস: গ্রন্থ
ভাষা:ফরাসি
প্রকাশিত: París, Francia : Librairie Letouzey et Ané, 1950, c1950
ট্যাগগুলো: ট্যাগ যুক্ত করুন
কোনো ট্যাগ নেই, প্রথমজন হিসাবে ট্যাগ করুন!

MARC

LEADER 00000nam^a2200000^a^4500
001 000571662
005 20250521000000.0
009 20260310132253.901
037 |a Acervo Xavier Clavigero 
041 |a FRA 
091 |a FPA. 03387 
100 |a Vacant, Alfred  |e (dirección) 
245 1 0 |a Dictionnaire de théologie catholique :contenant l'exposé des doctrines de la théologie catholique leurs preuves et leur histoire : tome quinzième : deuxième partie : Trinité - Zwinglianisme / 
264 4 |a París, Francia :  |b Librairie Letouzey et Ané,  |c 1950, c1950 
300 |a p. 1547-3927 
336 |a texto  |b txt  |2 rdacontenido 
337 |a sin mediación  |b n  |2 rdamedio 
338 |a volumen  |b nc  |2 rdasoporte 
649 |a XX 
700 |a Mangenot, Eugene  |e (dirección) 
700 |a Amann, Emile  |e (dirección) 
910 |a Fondo José Ignacio Palencia Gómez S.J. 
920 |a Impresos - Libros 
930 |a Fondos Especiales 
905 |a 137 
901 |a 0500363260  |b IT2  |c ESL  |i D  |u 20250521 
902 |a https://opac.biblio.iteso.mx/vufind/Record/000571662